000 00534nam a22001817a 4500
003 OSt
005 20140310182333.0
008 130924t xxu||||| |||| 00| 0 eng d
020 _a9780140546774
050 _aQK 475.8
_b.Sp6513 1985
082 _aGS 582.16
_bRo66 1985
100 _aRomanova, Natalia
_921532
245 _aOnce there was a tree /
_cNatalia Romanova, pictures by Gennady Spirin.
260 _aNew York :
_bDial Books,
_c1985.
300 _a26 p. :
_bcol. : ill. ;
_c25 cm.
942 _2lcc
_cBK-GS
999 _c12026
_d12026